00725nam a2200241 a 4500001001300000003000900013005001700022008004100039020001000080082001400090100001600104245004100120260004800161300000800209500003500217505007500252650001600327700001600343902000800359942000700367952009400374999001500468nice12345678IN_TiNIC20260116011835.0050524s1927 laha grp 000 0 urd  ac10000a239bGOL1 aGoldsack, W aHazrat Mohammad Aur Kitab-E-Muqaddas aLahorebPunjab Religious Booksociety c1927 a44p aincludes index and biblioraphy2 areprinted from"the bulletin of the john rylands library 1927,V.11,No.1 aApologetics1 aGoldsack, W bRHR cBK 00104070aHMIbHMId2007-06-21g100.00l0o239 GOL1p5088r2007-06-21w2026-01-16yARB c4359d4359